000 01813cam a2200409Ia 4500
001 8415624
003 OSt
005 20151008141427.0
008 041213t20041953nyu 000 1 eng d
020 _a0743273567 (pbk.) :
_c$12.95
020 _a9780743273565 (pbk.)
035 _a(OCoLC)ocm57215622
035 _a(OCoLC)57215622
035 _a(NNC)8415624
040 _aIMF
_cIMF
_dOCLCQ
_dXY4
_dOCLCQ
_dBAKER
_dIUL
_dYDXCP
_dOCLCQ
_dBTCTA
_dIXA
_dZ5U
_dITJCU
_dMUU
_dDB$
_dUPZ
043 _an-us-ny
050 4 _aPS3511.I9
_bG7 2004
082 0 0 _a813/.52
_222
100 1 _aFitzgerald, F. Scott
_q(Francis Scott),
_d1896-1940.
245 1 4 _aThe great Gatsby /
_cF. Scott Fitzgerald.
250 _aScribner trade pbk. ed.
260 _aNew York :
_bScribner,
_c2004, c1953.
300 _a180 p. ;
_c21 cm.
520 _aJay Gatsby had once loved beautiful, spoiled Daisy Buchanan, then lost her to a rich boy. Now, mysteriously wealthy, he is ready to risk everything to woo her back. This is the definitive, textually accurate edition of a classic of twentieth-century literature, The Great Gatsby. The story of the fabulously wealthy Jay Gatsby and his love for the beautiful Daisy Buchanan has been acclaimed by generations of readers. But the first edition contained a number of errors resulting from Fitzgerald's extensive revisions and a rushed production schedule.
650 0 _aTraffic accidents
_vFiction.
650 0 _aFirst loves
_vFiction.
650 0 _aRich people
_vFiction.
650 0 _aMistresses
_vFiction.
650 0 _aRevenge
_vFiction.
651 0 _aLong Island (N.Y.)
_vFiction.
651 0 _aLong Island (N.Y.)
_vFiction.
_2gsafd
655 7 _aLove stories.
_2gsafd
942 _2lcc
_cBK
948 1 _a20110207
_bc
_crad1
_dMPS
948 2 _a20110207
_ba
_crad1
_dMPS
999 _c250343
_d250343